00310nam a22001337a 4500003000400000020001900004082001800023100001800041245004500059250000800104260003600112300001100148650001700159SGT a978-8131248744 a617.525bT20B a S. M. Balaji aTextbook of Oral & Maxillofacial Surgery a3RD aNEW DELHIbElsevier Indiac2020 a1-1203 aORAL SURGERY